Les meilleurs buteurs en Ligue 1 chaque saison depuis 2000 - Statistiques

Statistiques générales
  • Ce quiz a été pris 99 fois
  • Le résultat moyen est 18 sur 23
Statistiques - réponses
nombres de buts saison club Joueur % Correct
29 2022-2023 PSG Mbappe
100%
28 2021-2022 PSG Mbappe
100%
27 2020-2021 PSG Mbappe
100%
18 2019-2020 PSG Mbappe
100%
33 2018-2019 PSG Mbappe
100%
28 2017-2018 PSG Cavani
98%
35 2016-2017 PSG Cavani
98%
38 2015-2016 PSG Ibrahimovic
96%
26 2013-2014 PSG Ibrahimovic
96%
30 2012-2013 PSG Ibrahimovic
96%
27 2014-2015 OL Lacazette
94%
21 2011-2012 MHSC Giroud
91%
15 2006-2007 PSG Pauleta
77%
21 2005-2006 PSG Pauleta
77%
22 2001-2002 Bordeaux Pauleta
77%
20 2007-2008 OL Benzema
70%
24 2008-2009 TFC Gignac
69%
18 2009-2010 OM Niang
58%
26 2003-2004 AJA Cissé
57%
25 2010-2011 LOSC Sow
46%
22 2000-2001 OL Anderson
45%
20 2004-2005 Rennes Frei
33%
26 2002-2003 ASM Nonda
18%
Aucun quiz correspondant
Distribution des résultats
% des personnes avec chaque résultat
Percentile par nombre de réponses
Votre historique - résultats
Vous n’avez pas pris ce quiz